[Event "Andorra open"]
[Site "Escaldes"]
[Date "2018.07.23"]
[Round "3.11"]
[White "Ferrante, Marco"]
[Black "Nayhebaver, Martin"]
[Result "1/2-1/2"]
[WhiteElo "2290"]
[BlackElo "2478"]
[PlyCount "143"]
[EventDate "2018.07.21"]
[EventType "swiss"]
[EventCountry "AND"]

1. e4 c5 2. Nf3 d6 3. Bb5+ Nd7 4. d4 cxd4 5. Qxd4 e5 6. Qd3 a6 7. Bxd7+ Bxd7 8.
Nc3 h6 9. O-O Nf6 10. Rd1 Rc8 11. Nd2 Qc7 12. Nf1 Be7 13. Ne3 Be6 14. Bd2 O-O
15. a4 Qc6 16. Be1 Rfd8 17. a5 Bf8 18. f3 Nh5 19. Bh4 Nf4 20. Qd2 Re8 21. Ned5
Ng6 22. Bf2 Be7 23. Nb6 Rcd8 24. Ncd5 Bg5 25. Be3 Bxe3+ 26. Nxe3 Ne7 27. Ra3 f5
28. Rc3 Qb5 29. Rd3 f4 30. Ned5 Bxd5 31. Nxd5 Nxd5 32. Rxd5 Qxb2 33. Rxd6 Rxd6
34. Qxd6 Qxc2 35. Qd5+ Kh8 36. h4 Rc8 37. Qd7 Qc7 38. Qf5 Qc5+ 39. Kh2 Rf8 40.
Qg4 Qxa5 41. Rd7 Rg8 42. Rxb7 Qe1 43. h5 a5 44. Ra7 Qa1 45. Qd7 Qa2 46. Qd5 Qf2
47. Rxa5 Qh4+ 48. Kg1 Qe1+ 49. Kh2 Re8 50. Ra8 Qh4+ 51. Kg1 Qxh5 52. Qc6 Rxa8
53. Qxa8+ Kh7 54. Qf8 Qg5 55. Qf7 Qf6 56. Qe8 g6 57. Qd7+ Qg7 58. Qe6 h5 59.
Kh2 Kh6 60. Kh3 Kg5 61. Kh2 Qf6 62. Qe8 Qd6 63. Qf7 Kh4 64. Qg8 Qf6 65. Qc8 Kg5
66. Qe8 Kh6 67. Kg1 g5 68. Qc8 Qg7 69. Qe6+ Kh7 70. Qe8 Kh6 71. Qe6+ Kh7 72.
Qe8 1/2-1/2

[Event "Andorra open"]
[Site "Escaldes"]
[Date "2018.07.23"]
[Round "3.12"]
[White "Saada, Julien"]
[Black "Narciso Dublan, Marc"]
[Result "1/2-1/2"]
[WhiteElo "2266"]
[BlackElo "2466"]
[PlyCount "49"]
[EventDate "2018.07.21"]
[EventType "swiss"]
[EventCountry "AND"]

1. d4 f5 2. g3 Nf6 3. Bg2 c6 4. Nf3 g6 5. O-O Bg7 6. c4 O-O 7. Nc3 d6 8. Qc2
Na6 9. Re1 Nh5 10. d5 f4 11. dxc6 bxc6 12. e3 Nb4 13. Qe2 fxg3 14. fxg3 Bg4 15.
Rf1 Qd7 16. Bd2 Na6 17. Rab1 Rab8 18. a3 Bf5 19. e4 Bg4 20. b4 Nc7 21. Qd3 Ne6
22. Be3 c5 23. Ne2 cxb4 24. axb4 Nd8 25. b5 1/2-1/2

[Event "Andorra open"]
[Site "Escaldes"]
[Date "2018.07.23"]
[Round "3.13"]
[White "Demuth, Adrien"]
[Black "Shen, Christopher"]
[Result "1-0"]
[WhiteElo "2524"]
[BlackElo "2266"]
[PlyCount "93"]
[EventDate "2018.07.21"]
[EventType "swiss"]
[EventCountry "AND"]

1. d4 Nf6 2. c4 g6 3. Nc3 Bg7 4. e4 d6 5. Nf3 O-O 6. Be2 Nbd7 7. Be3 e5 8. d5
Ng4 9. Bg5 f6 10. Bd2 Nh6 11. h4 a5 12. Qc1 Nf7 13. h5 g5 14. g4 h6 15. Nh2 Nc5
16. Be3 Bd7 17. Qd2 Qc8 18. f3 Re8 19. Nf1 Bf8 20. Ng3 Na4 21. Nd1 c5 22. a3
Qc7 23. Kf2 Reb8 24. b3 Nb6 25. Rb1 Nc8 26. Nc3 b6 27. b4 axb4 28. axb4 Ra7 29.
Rb2 Rba8 30. Rc1 Ra1 31. Rcc2 R1a3 32. Nf5 Ne7 33. Ng3 Nc8 34. Nf5 Ne7 35. bxc5
bxc5 36. Ng3 Nc8 37. Nb5 Bxb5 38. Rxb5 R3a5 39. Rcb2 Rxb5 40. Rxb5 Rb8 41. Qb2
Rxb5 42. Qxb5 Na7 43. Qa6 Be7 44. Bd1 Bd8 45. Ba4 Kf8 46. Nf5 Nc8 47. Qb5 1-0

[Event "Andorra open"]
[Site "Escaldes"]
[Date "2018.07.23"]
[Round "3.14"]
[White "Pena Gomez, Manuel"]
[Black "Zalkind, Konstantin"]
[Result "1-0"]
[WhiteElo "2475"]
[BlackElo "2185"]
[PlyCount "65"]
[EventDate "2018.07.21"]
[EventType "swiss"]
[EventCountry "AND"]

1. c4 e5 2. g3 d6 3. Bg2 g6 4. Nc3 Bg7 5. d3 Nc6 6. Rb1 a5 7. a3 Nge7 8. e3 Be6
9. Nd5 Qd7 10. Ne2 O-O 11. O-O f5 12. f4 Nc8 13. b4 axb4 14. axb4 Nd8 15. b5 c6
16. Ndc3 Ne7 17. Na4 Nc8 18. Qc2 Bf7 19. Bd2 Ne6 20. Bc3 c5 21. Bd5 Nd8 22. e4
Bxd5 23. cxd5 b6 24. Qb3 Nf7 25. Nb2 Re8 26. Nc4 fxe4 27. dxe4 exf4 28. Bxg7
Kxg7 29. Nxf4 Rxe4 30. Qf3 Rxf4 31. Qxf4 Ra2 32. Qf6+ Kg8 33. Rbe1 1-0

[Event "Andorra open"]
[Site "Escaldes"]
[Date "2018.07.23"]
[Round "3.15"]
[White "Fernandez De Bobadilla, Gabriel"]
[Black "Loiseau, Quentin"]
[Result "0-1"]
[WhiteElo "2175"]
[BlackElo "2402"]
[PlyCount "106"]
[EventDate "2018.07.21"]
[EventType "swiss"]
[EventCountry "AND"]

1. d4 d5 2. c4 e6 3. Nc3 c6 4. e3 Nf6 5. Nf3 Nbd7 6. Qc2 Bd6 7. b3 O-O 8. Be2
b6 9. O-O Bb7 10. e4 dxe4 11. Nxe4 Nxe4 12. Qxe4 Nf6 13. Qh4 c5 14. Bb2 Ne4 15.
Qxd8 Raxd8 16. Rad1 cxd4 17. Nxd4 Bc5 18. Bf3 e5 19. Bxe4 Bxe4 20. Nb5 f6 21.
Bc3 Bc2 22. Rc1 Bd3 23. Rfe1 Rf7 24. Bb2 Bf5 25. Red1 Rfd7 26. Rxd7 Rxd7 27.
Ba3 Bxa3 28. Nxa3 Rd2 29. Nb5 Rxa2 30. h3 Bd3 31. Nd6 Kf8 32. b4 Ke7 33. c5
bxc5 34. bxc5 Rc2 35. Rd1 e4 36. Nf5+ Kf8 37. Rb1 Rxc5 38. Rb8+ Kf7 39. Rb7+
Kg8 40. Rb8+ Kf7 41. Rb7+ Kg6 42. g4 Kg5 43. Nxg7 Rc1+ 44. Kh2 Kf4 45. Rf7 Kf3
46. Rxf6+ Ke2 47. Ne6 a5 48. Rf5 a4 49. Ra5 Ra1 50. Nc5 Kxf2 51. Nxa4 e3 52.
Ra8 Be4 53. Rf8+ Bf3 0-1

[Event "Andorra open"]
[Site "Escaldes"]
[Date "2018.07.23"]
[Round "3.16"]
[White "Terao, Juliana Sayumi"]
[Black "De Seroux, Camille"]
[Result "0-1"]
[WhiteElo "2308"]
[BlackElo "2146"]
[PlyCount "54"]
[EventDate "2018.07.21"]
[EventType "swiss"]
[EventCountry "AND"]

1. e4 c5 2. Nf3 Nc6 3. c3 d5 4. exd5 Qxd5 5. d4 Bf5 6. Be3 Nf6 7. Na3 e6 8. Qa4
cxd4 9. Nb5 O-O-O 10. Nbxd4 Nxd4 11. Nxd4 Ng4 12. Qxa7 Nxe3 13. fxe3 Bc5 14.
Qa8+ Kc7 15. Qa5+ Kb8 16. b4 Bxd4 17. cxd4 Qe4 18. Qe5+ Qxe5 19. dxe5 Rd5 20.
Kf2 Rc8 21. Be2 Rc2 22. Kf3 Rxe5 23. Rhe1 Be4+ 24. Kf4 f6 25. g4 (25. a4) 25...
Bd5 26. Bd3 Rf2+ 27. Kg3 Rf3+ 0-1

[Event "Andorra open"]
[Site "Escaldes"]
[Date "2018.07.23"]
[Round "3.17"]
[White "Librelato, Kathie Goulart"]
[Black "Sole Pijuan, Ferran"]
[Result "1-0"]
[WhiteElo "2100"]
[BlackElo "2306"]
[PlyCount "97"]
[EventDate "2018.07.21"]
[EventType "swiss"]
[EventCountry "AND"]

1. e4 e5 2. Nf3 Nc6 3. Bb5 a6 4. Ba4 Nf6 5. O-O Be7 6. Re1 b5 7. Bb3 d6 8. c3
O-O 9. h3 Nb8 10. d4 Nbd7 11. c4 c6 12. a3 Bb7 13. Nc3 bxc4 14. Bxc4 Qc7 15.
Ba2 c5 16. dxe5 dxe5 17. Qc2 Rac8 18. Be3 c4 19. Nd2 Nc5 20. Bxc5 Bxc5 21. Nxc4
Bd4 22. Rac1 Qc5 23. b4 Qc6 24. Bb3 Ba8 25. Qd3 Bxc3 26. Qxc3 Nxe4 27. Qf3 Qh6
28. Ne3 Rxc1 29. Rxc1 Nc3 30. Qg4 Nb5 31. Rc8 g6 32. Nf5 Qh5 33. Qxh5 gxh5 34.
Nh6+ Kg7 35. Nf5+ Kg8 36. Rc5 Nd4 37. Ne7+ Kg7 38. Bc4 Rd8 39. Nd5 Ne6 40. Ra5
Bxd5 41. Bxd5 Nf4 42. Bf3 Rd3 43. Rxa6 Nxh3+ 44. gxh3 Rxf3 45. b5 Rb3 46. b6
Kg6 47. b7+ Kg5 48. Ra7 Kf4 49. Ra4+ 1-0

[Event "Andorra open"]
[Site "Escaldes"]
[Date "2018.07.23"]
[Round "3.18"]
[White "Picart, Laurent"]
[Black "Serra Pages, Jordi"]
[Result "0-1"]
[WhiteElo "2066"]
[BlackElo "2251"]
[PlyCount "50"]
[EventDate "2018.07.21"]
[EventType "swiss"]
[EventCountry "AND"]

1. d4 Nf6 2. Bg5 e6 3. e4 h6 4. Bxf6 Qxf6 5. c3 b6 6. Bd3 Bb7 7. Ne2 c5 8. O-O
Nc6 9. e5 Qd8 10. Nd2 d6 11. Nf3 Be7 12. Ng3 O-O 13. Qe2 cxd4 14. Qe4 g6 15.
Qg4 Kh7 16. h4 Nxe5 17. Nxe5 dxe5 18. h5 Bg5 19. hxg6+ fxg6 20. cxd4 Qxd4 21.
Qxe6 Qxd3 22. Rad1 Rae8 23. Qh3 Qb5 24. Rd7+ Re7 25. Rfd1 Bc8 0-1

[Event "Andorra open"]
[Site "Escaldes"]
[Date "2018.07.23"]
[Round "3.19"]
[White "Benmesbah, Natacha"]
[Black "Partac, Elena"]
[Result "1-0"]
[WhiteElo "2255"]
[BlackElo "2059"]
[PlyCount "97"]
[EventDate "2018.07.21"]
[EventType "swiss"]
[EventCountry "AND"]

1. e4 c5 2. Nf3 e6 3. b3 Nf6 4. e5 Nd5 5. Bb2 Be7 6. g3 O-O 7. Bg2 Nc6 8. O-O
f6 9. c4 Ndb4 10. d4 cxd4 11. Nxd4 Nxd4 12. Bxd4 Nc6 13. exf6 Bxf6 14. Bxf6
Qxf6 15. Nd2 Rb8 16. Ne4 Qe7 17. Qd6 b5 18. c5 Bb7 19. Rfd1 Rbd8 20. Rd2 h6 21.
Rad1 Qf7 22. Qc7 d5 23. cxd6 Rd7 24. Qxd7 Qxd7 25. Nc5 Qf7 26. d7 Ba8 27. Nxe6
Nd8 28. Nxd8 Rxd8 29. Bxa8 Rxa8 30. d8=Q+ Rxd8 31. Rxd8+ Kh7 32. R8d7 Qf5 33.
Rxa7 Qc2 34. Rf1 b4 35. h4 Kg6 36. Ra5 Qd2 37. Rb5 Kf6 38. Ra5 Kg6 39. Re5 Qxa2
40. Re3 Qc2 41. Rfe1 Kh7 42. Ra1 Qb2 43. Ra7 Qc1+ 44. Kh2 Qc2 45. Rf3 Qd1 46.
Rff7 Qxb3 47. Rxg7+ Kh8 48. Rh7+ Kg8 49. Rhb7 1-0

[Event "Andorra open"]
[Site "Escaldes"]
[Date "2018.07.23"]
[Round "3.20"]
[White "Cuadras Avellana, Jordi"]
[Black "Diaz Munoz, Sergi"]
[Result "1-0"]
[WhiteElo "2240"]
[BlackElo "1990"]
[PlyCount "131"]
[EventDate "2018.07.21"]
[EventType "swiss"]
[EventCountry "AND"]

1. e4 c5 2. Nf3 e6 3. d4 cxd4 4. Nxd4 Nc6 5. Nc3 Qc7 6. Be3 a6 7. f4 d6 8. Qf3
Nf6 9. Bd3 Bd7 10. O-O Be7 11. Kh1 Nxd4 12. Bxd4 Bc6 13. a4 O-O 14. Rae1 e5 15.
Be3 exf4 16. Bxf4 Nd7 17. Nd5 Bxd5 18. exd5 Bf6 19. Qh3 g6 20. Bh6 Rfe8 21. Qf3
Rxe1 22. Rxe1 Qd8 23. Rf1 Qe7 24. c3 Bg7 25. Bg5 Qf8 26. Bc2 Ne5 27. Qe4 Qc8
28. Qb4 Qc4 29. Qxc4 Nxc4 30. Bc1 Re8 31. Bb3 Na5 32. Bd1 Nc4 33. b3 Ne3 34.
Re1 Bh6 35. Bf3 Kf8 36. Kg1 Nf5 37. Rxe8+ Kxe8 38. Ba3 Ke7 39. Kf2 Bg7 40. Bb2
Be5 41. g3 h5 42. Ke2 h4 43. g4 Nh6 44. h3 f6 45. Kd3 Nf7 46. Bc1 f5 47. gxf5
gxf5 48. Bh5 Nd8 49. b4 Nf7 50. c4 Bg3 51. Bxf7 Kxf7 52. c5 Ke7 53. c6 b5 54.
axb5 axb5 55. Bg5+ Ke8 56. Ke2 f4 57. Bf6 f3+ 58. Kxf3 Be1 59. Ke4 Bxb4 60.
Bxh4 Ba5 61. Bf6 Kf7 62. Bc3 Bd8 63. Kf5 Bb6 64. h4 Ke7 65. Bf6+ Ke8 66. h5 1-0

[Event "Andorra open"]
[Site "Escaldes"]
[Date "2018.07.23"]
[Round "3.21"]
[White "Guyader, Thierry"]
[Black "Martinez, Ayelen"]
[Result "1-0"]
[WhiteElo "1990"]
[BlackElo "2236"]
[PlyCount "85"]
[EventDate "2018.07.21"]
[EventType "swiss"]
[EventCountry "AND"]

1. e4 e5 2. Nf3 Nc6 3. Bc4 Nf6 4. d3 h6 5. Nbd2 d6 6. c3 g5 7. h3 Bg7 8. Nf1 d5
9. exd5 Nxd5 10. Ne3 Nce7 11. Bd2 c6 12. Qc2 Be6 13. Bb3 Nf4 14. d4 exd4 15.
cxd4 Ned5 16. Nxd5 Nxd5 17. O-O-O Qf6 18. Qc5 Bf8 19. Qa5 Bd6 20. h4 g4 21. Ne5
Qxf2 22. Bxd5 Bxd5 23. Rde1 Bxe5 24. Rxe5+ Be6 25. d5 cxd5 26. Qb5+ Kd8 27.
Rxd5+ Bxd5 28. Qxd5+ Ke8 29. Qxb7 Rd8 30. Re1+ Kf8 31. Qe7+ Kg7 32. Bc3+ Kg6
33. Qe5 f5 34. Qf6+ Kh5 35. Qf7+ Kxh4 36. Rh1+ Kg3 37. Be1 Kxg2 38. Bxf2 Kxh1
39. Qb7+ Kh2 40. Qc7+ Kg2 41. Qg3+ Kf1 42. Bc5 Ke2 43. Qe3+ 1-0

[Event "Andorra open"]
[Site "Escaldes"]
[Date "2018.07.23"]
[Round "3.22"]
[White "Gomez Anadon, Daniel"]
[Black "Aizpurua Blanco, Juan Antonio"]
[Result "1-0"]
[WhiteElo "2228"]
[BlackElo "1963"]
[PlyCount "55"]
[EventDate "2018.07.21"]
[EventType "swiss"]
[EventCountry "AND"]

1. e4 c6 2. Nc3 d5 3. Nf3 Bg4 4. h3 Bxf3 5. Qxf3 e6 6. d4 Nd7 7. Bd3 dxe4 8.
Nxe4 Ngf6 9. Bd2 Nxe4 10. Qxe4 Nf6 11. Qh4 Qb6 12. O-O-O O-O-O 13. c3 Be7 14.
Qg3 Rhg8 15. Rhe1 h6 16. f4 Qc7 17. Qf3 g6 18. g4 h5 19. Kb1 Kb8 20. Bc2 Ka8
21. Bb3 Rde8 22. f5 gxf5 23. gxf5 h4 24. fxe6 fxe6 25. Rxe6 Rgf8 26. Bh6 Rf7
27. Rde1 Bd8 28. Rxe8 1-0

[Event "Andorra open"]
[Site "Escaldes"]
[Date "2018.07.23"]
[Round "3.23"]
[White "Bono Monreal, Alberto"]
[Black "Morros Faura, Ricard"]
[Result "1/2-1/2"]
[WhiteElo "1957"]
[BlackElo "2227"]
[PlyCount "82"]
[EventDate "2018.07.21"]
[EventType "swiss"]
[EventCountry "AND"]

1. e4 d6 2. d4 Nf6 3. Nc3 g6 4. f4 Bg7 5. Nf3 O-O 6. e5 Nfd7 7. Bc4 c5 8. e6
Nb6 9. exf7+ Kh8 10. h4 Bg4 11. h5 gxh5 12. Be2 Qc8 13. Ng5 h6 14. Be3 Na6 15.
Bxg4 Qxg4 16. Qxg4 hxg4 17. O-O-O Nc4 18. Bf2 g3 19. Bg1 e6 20. dxc5 dxc5 21.
Rd7 Rfd8 22. Rxd8+ Rxd8 23. Nxe6 Rc8 24. Rh5 Nd6 25. f8=Q+ Bxf8 26. Nxf8 Rxf8
27. Rxh6+ Kg7 28. Rxd6 Rxf4 29. Rd7+ Kg6 30. Be3 Rh4 31. Rd5 Rg4 32. Kd2 b6 33.
a3 Nc7 34. Rd6+ Kf5 35. Nd5 Ke5 36. Rd7 Nxd5 37. Rd8 Rg7 38. c4 Nf6 39. Kd3 Rh7
40. Ke2 Rh4 41. b3 Rh1 1/2-1/2

[Event "Andorra open"]
[Site "Escaldes"]
[Date "2018.07.23"]
[Round "3.24"]
[White "Vidal, Llewellyn"]
[Black "Castellanos Bogalo, Antonio"]
[Result "1-0"]
[WhiteElo "2221"]
[BlackElo "1943"]
[PlyCount "53"]
[EventDate "2018.07.21"]
[EventType "swiss"]
[EventCountry "AND"]

1. c4 Nf6 2. Nc3 d6 3. d4 h6 4. Nf3 g5 5. h3 Bg7 6. e4 c5 7. dxc5 Qa5 8. Bd3
Qxc5 9. Be3 Qa5 10. O-O O-O 11. Qd2 Nc6 12. a3 Ne5 13. Nd4 Nh5 14. b4 Qc7 15.
Nd5 Qd8 16. Be2 Nf6 17. Nxf6+ exf6 18. Rad1 Re8 19. Nb5 Re7 20. Nxd6 Be6 21. f4
gxf4 22. Bxf4 Rd7 23. c5 Kh7 24. Bxe5 fxe5 25. Bb5 Rxd6 26. Qxd6 Qh4 27. Qd3
1-0

[Event "Andorra open"]
[Site "Escaldes"]
[Date "2018.07.23"]
[Round "3.25"]
[White "Ruane, Ciaran"]
[Black "Pham Guerrero, Sergi"]
[Result "0-1"]
[WhiteElo "1933"]
[BlackElo "2208"]
[PlyCount "80"]
[EventDate "2018.07.21"]
[EventType "swiss"]
[EventCountry "AND"]

1. e4 c5 2. Nf3 d6 3. d4 cxd4 4. Nxd4 Nf6 5. Nc3 g6 6. Be3 Bg7 7. f3 O-O 8. Qd2
Nc6 9. O-O-O Nxd4 10. Bxd4 Be6 11. Kb1 Qc7 12. h4 Rfc8 13. g4 Qa5 14. a3 Rab8
15. h5 b5 16. hxg6 b4 17. gxh7+ Kh8 18. Nd5 Bxd5 19. exd5 Qa4 20. b3 Qxa3 21.
Qc1 Qa5 22. Qb2 Qxd5 23. Bc4 Qg5 24. Bxf7 e5 25. Bf2 Rf8 26. Bc4 e4 27. Qc1
Qxc1+ 28. Kxc1 exf3 29. g5 Ne4 30. Bxa7 Ra8 31. Bd4 Bxd4 32. Rxd4 Ra1+ 33. Kb2
Rxh1 34. Rxe4 f2 35. g6 Kg7 36. Re7+ Kxg6 37. Bd3+ Kf6 38. Rd7 Ke6 39. Rg7 f1=Q
40. Bxf1 Rfxf1 0-1

[Event "Andorra open"]
[Site "Escaldes"]
[Date "2018.07.24"]
[Round "4.1"]
[White "Kunin, Vitaly"]
[Black "Fedorchuk, Sergey A"]
[Result "1/2-1/2"]
[WhiteElo "2538"]
[BlackElo "2626"]
[PlyCount "105"]
[EventDate "2018.07.21"]
[EventType "swiss"]
[EventCountry "AND"]

1. d4 Nf6 2. c4 e6 3. Nf3 b6 4. g3 Bb4+ 5. Bd2 c5 6. Bg2 Bb7 7. O-O O-O 8. Bc3
Na6 9. a3 Bxc3 10. Nxc3 d5 11. cxd5 Nxd5 12. Nxd5 Bxd5 13. Qa4 Qc8 14. b4 cxd4
15. Nxd4 Bxg2 16. Kxg2 Qb7+ 17. Qc6 Rfb8 18. Rac1 Nc7 19. Rc2 Kf8 20. Rd1 Ne8
21. b5 a6 22. a4 axb5 23. axb5 Nc7 24. Qxb7 Rxb7 25. Rdc1 Ne8 26. Rc8 Rbb8 27.
R8c6 Ra4 28. e3 g6 29. Rb1 Ra2 30. Nf3 Nf6 31. Ne5 Rb7 32. Kf3 h5 33. h3 Ke7
34. g4 hxg4+ 35. hxg4 Nd7 36. Nc4 Rc2 37. Kg3 Nf6 38. Nxb6 Ne4+ 39. Kf4 Nc3 40.
Nc8+ Kd7 41. Rd1+ Nxd1 42. Rxc2 Rxb5 43. Rd2+ Kxc8 44. Rxd1 g5+ 45. Ke4 Kc7 46.
f4 f5+ 47. Kf3 fxg4+ 48. Kxg4 gxf4 49. Kxf4 Rd5 50. Rxd5 exd5 51. Ke5 Kc6 52.
e4 dxe4 53. Kxe4 1/2-1/2

[Event "Andorra open"]
[Site "Escaldes"]
[Date "2018.07.24"]
[Round "4.2"]
[White "Lagarde, Maxime"]
[Black "Arizmendi Martinez, Julen Luis"]
[Result "1/2-1/2"]
[WhiteElo "2615"]
[BlackElo "2507"]
[PlyCount "98"]
[EventDate "2018.07.21"]
[EventType "swiss"]
[EventCountry "AND"]

1. e4 c5 2. Nf3 Nc6 3. Bb5 g6 4. O-O Bg7 5. Re1 Nf6 6. e5 Nd5 7. Nc3 Nc7 8.
Bxc6 dxc6 9. Ne4 b6 10. Nf6+ Kf8 11. Ne4 h6 12. d3 Kg8 13. a3 a5 14. a4 Be6 15.
b3 Qd7 16. Bb2 Kh7 17. Qd2 Nd5 18. c4 Nb4 19. Rad1 Rad8 20. Re3 Qc8 21. Qe2
Rhe8 22. Bc3 Na6 23. Re1 Nc7 24. Ng3 Kg8 25. Re4 Bg4 26. h4 h5 27. Qe3 Qd7 28.
e6 Nxe6 29. Bxg7 Nxg7 30. Ne5 Qd6 31. Qh6 Qf6 32. Nxg4 hxg4 33. Rxg4 Nf5 34.
Nxf5 Qxf5 35. Rg5 Qf6 36. Rg3 Rd4 37. Re4 Rxe4 38. dxe4 Rd8 39. Rf3 Qe5 40. Qf4
Qxf4 41. Rxf4 Rd4 42. Rf3 Rxe4 43. Re3 Rxh4 44. Rxe7 b5 45. g3 Rd4 46. Ra7 bxc4
47. bxc4 Rxc4 48. Rxa5 Kf8 49. Ra6 Rb4 1/2-1/2

[Event "Andorra open"]
[Site "Escaldes"]
[Date "2018.07.24"]
[Round "4.3"]
[White "Repka, Christopher"]
[Black "Postny, Evgeny"]
[Result "1/2-1/2"]
[WhiteElo "2519"]
[BlackElo "2585"]
[PlyCount "35"]
[EventDate "2018.07.21"]
[EventType "swiss"]
[EventCountry "AND"]

1. Nf3 d5 2. g3 c6 3. Bg2 Bg4 4. h3 Bh5 5. O-O Nd7 6. d3 Ngf6 7. c4 Bxf3 8.
Bxf3 dxc4 9. dxc4 Ne5 10. Qb3 Nxf3+ 11. Qxf3 g6 12. Nc3 Bg7 13. Rd1 Qc8 14. Kg2
Qe6 15. b3 O-O 16. Bb2 Rad8 17. Rd3 Nd7 18. Qe4 1/2-1/2

[Event "Andorra open"]
[Site "Escaldes"]
[Date "2018.07.24"]
[Round "4.4"]
[White "Shabalov, Alexander"]
[Black "Admiraal, Miguoel"]
[Result "0-1"]
[WhiteElo "2567"]
[BlackElo "2479"]
[PlyCount "58"]
[EventDate "2018.07.21"]
[EventType "swiss"]
[EventCountry "AND"]

1. e4 c6 2. d4 d5 3. e5 Bf5 4. Nc3 e6 5. g4 Bg6 6. Nge2 c5 7. Be3 h5 8. Nf4 Bh7
9. dxc5 hxg4 10. Bb5+ Nc6 11. Qe2 Qc7 12. Nfxd5 exd5 13. Nxd5 Qc8 14. f3 Nge7
15. c4 Nf5 16. fxg4 Nxe3 17. Qxe3 Qxg4 18. Nc7+ Kd7 19. Nxa8 Be7 20. Rd1+ Kc8
21. Rg1 Bh4+ 22. Kd2 Qf5 23. Ke2 Qh5+ 24. Qf3 Qxe5+ 25. Kf1 Be4 26. Qxf7 Be7
27. Rd5 Bxd5 28. Qxd5 Qf4+ 29. Ke2 Nd4+ 0-1

[Event "Andorra open"]
[Site "Escaldes"]
[Date "2018.07.24"]
[Round "4.5"]
[White "Del Rio De Angelis, Salvador G"]
[Black "Berkovich, Mark A"]
[Result "1-0"]
[WhiteElo "2525"]
[BlackElo "2344"]
[PlyCount "89"]
[EventDate "2018.07.21"]
[EventType "swiss"]
[EventCountry "AND"]

1. d4 Nf6 2. c4 e6 3. Nc3 Bb4 4. f3 d5 5. a3 Bxc3+ 6. bxc3 O-O 7. cxd5 exd5 8.
e3 Nh5 9. g3 f5 10. Ra2 b6 11. Nh3 c5 12. Bg2 Ba6 13. Kf2 Bc4 14. Rd2 Nc6 15.
Re1 Qd7 16. Kg1 Rae8 17. Nf2 Qf7 18. a4 Na5 19. Rb2 Nf6 20. Qc2 Qh5 21. Nh3 Nd7
22. Nf4 Qf7 23. h4 g6 24. Rb1 Rc8 25. Qf2 Rfe8 26. Ba3 Nf6 27. dxc5 bxc5 28. e4
dxe4 29. Bxc5 Nc6 30. Bd4 Nxd4 31. cxd4 exf3 32. Bxf3 Nd5 33. Bxd5 Bxd5 34.
Rxe8+ Rxe8 35. Rb5 Bc6 36. Rc5 Be4 37. Qb2 Qf6 38. Qc3 Rd8 39. Rc8 Rxc8 40.
Qxc8+ Qf8 41. Qc4+ Qf7 42. d5 Qb7 43. d6+ Kf8 44. Qd4 Kf7 45. d7 1-0

[Event "Andorra open"]
[Site "Escaldes"]
[Date "2018.07.24"]
[Round "4.6"]
[White "Loiseau, Quentin"]
[Black "Demuth, Adrien"]
[Result "1/2-1/2"]
[WhiteElo "2402"]
[BlackElo "2524"]
[PlyCount "34"]
[EventDate "2018.07.21"]
[EventType "swiss"]
[EventCountry "AND"]

1. e4 c6 2. d4 d5 3. e5 c5 4. c4 cxd4 5. Nf3 Bg4 6. cxd5 Qxd5 7. Nc3 Bxf3 8.
Nxd5 Bxd1 9. Nc7+ Kd7 10. Nxa8 Bc2 11. e6+ Kxe6 12. Bf4 Nc6 13. Rc1 d3 14. h4
g5 15. hxg5 Bg7 16. Nc7+ Kd7 17. Nb5 Bxb2 1/2-1/2

[Event "Andorra open"]
[Site "Escaldes"]
[Date "2018.07.24"]
[Round "4.7"]
[White "Smith, Axel"]
[Black "Ruiz Castillo, Joshua Daniel"]
[Result "1-0"]
[WhiteElo "2491"]
[BlackElo "2410"]
[PlyCount "81"]
[EventDate "2018.07.21"]
[EventType "swiss"]
[EventCountry "AND"]

1. d4 Nf6 2. Bg5 Ne4 3. Bf4 d5 4. e3 e6 5. Bd3 Nd6 6. Nd2 Nd7 7. Ngf3 c5 8. c3
Be7 9. O-O O-O 10. Re1 Qb6 11. Rb1 Nf6 12. Ne5 Bd7 13. dxc5 Qxc5 14. Nxd7 Nxd7
15. e4 Rfd8 16. Nb3 Qc6 17. exd5 Qxd5 18. Bxh7+ Kxh7 19. Qxd5 exd5 20. Rxe7 Nf5
21. Re2 Rac8 22. Rd1 Nb6 23. g4 Nh4 24. Bg3 Ng6 25. f4 Rd7 26. f5 Ne7 27. Bh4
f6 28. Bf2 Nc4 29. Nc5 Rdc7 30. Ne6 Rd7 31. h3 b6 32. Bg3 Nc6 33. Kf2 a5 34. a4
Kg8 35. Nd4 N6e5 36. Nf3 Nf7 37. Rd3 Nfd6 38. Bxd6 Nxd6 39. Re6 Nc4 40. b3 Nd6
41. c4 1-0

[Event "Andorra open"]
[Site "Escaldes"]
[Date "2018.07.24"]
[Round "4.8"]
[White "Nayhebaver, Martin"]
[Black "Saada, Julien"]
[Result "1-0"]
[WhiteElo "2478"]
[BlackElo "2266"]
[PlyCount "59"]
[EventDate "2018.07.21"]
[EventType "swiss"]
[EventCountry "AND"]

1. e4 c6 2. Nc3 d5 3. Nf3 Nf6 4. e5 Ne4 5. Ne2 Qb6 6. d4 e6 7. Ng3 c5 8. Bd3
Nxg3 9. fxg3 Nc6 10. O-O h6 11. dxc5 Bxc5+ 12. Kh1 Bd7 13. a3 a5 14. Qe2 Rf8
15. Bd2 a4 16. Rab1 Qc7 17. c4 d4 18. Qe4 O-O-O 19. Bc2 Ne7 20. Nxd4 Bxd4 21.
Qxd4 Nc6 22. Qg4 Nxe5 23. Qxg7 Rg8 24. Qf6 Nxc4 25. Bxh6 Rh8 26. Rbc1 Bc6 27.
Bf4 Qa5 28. Be4 Bxe4 29. Rxc4+ Bc6 30. Qxf7 1-0

[Event "Andorra open"]
[Site "Escaldes"]
[Date "2018.07.24"]
[Round "4.9"]
[White "Serra Pages, Jordi"]
[Black "Pena Gomez, Manuel"]
[Result "0-1"]
[WhiteElo "2251"]
[BlackElo "2475"]
[PlyCount "56"]
[EventDate "2018.07.21"]
[EventType "swiss"]
[EventCountry "AND"]

1. Nf3 Nf6 2. c4 g6 3. Nc3 Bg7 4. d4 O-O 5. e4 d6 6. Be2 e5 7. O-O Nc6 8. Be3
Ng4 9. Bg5 f6 10. Bh4 g5 11. Bg3 Nh6 12. d5 Ne7 13. Qd2 Ng6 14. b4 f5 15. exf5
Nxf5 16. Nxg5 Bh6 17. Nce4 Nd4 18. h4 Nf4 19. Bd3 Bg7 20. Nc3 h6 21. Nge4 Bh3
22. Bxf4 exf4 23. f3 Bd7 24. Rae1 Nf5 25. Qxf4 Bd4+ 26. Kh1 Be5 27. Qg4+ Kh8
28. Qg6 Qxh4+ 0-1

[Event "Andorra open"]
[Site "Escaldes"]
[Date "2018.07.24"]
[Round "4.10"]
[White "Narciso Dublan, Marc"]
[Black "Ferrante, Marco"]
[Result "1-0"]
[WhiteElo "2466"]
[BlackElo "2290"]
[PlyCount "47"]
[EventDate "2018.07.21"]
[EventType "swiss"]
[EventCountry "AND"]

1. d4 d5 2. c4 c6 3. cxd5 cxd5 4. Bg5 h6 5. Bh4 Qb6 6. Nc3 e5 7. Nxd5 Qa5+ 8.
Nc3 Bb4 9. Qd2 Nc6 10. e3 Nge7 11. Bxe7 Kxe7 12. Bc4 Rd8 13. Nge2 Kf8 14. a3
Be7 15. d5 Qb6 16. Qc2 Na5 17. Ba2 Qa6 18. Qh7 Bf6 19. Ne4 Nc4 20. Bxc4 Qxc4
21. d6 Ke8 22. Rc1 Qd5 23. Qg8+ Kd7 24. Rc7+ 1-0

[Event "Andorra open"]
[Site "Escaldes"]
[Date "2018.07.24"]
[Round "4.11"]
[White "De Seroux, Camille"]
[Black "Jerez Perez, Alfonso"]
[Result "1/2-1/2"]
[WhiteElo "2146"]
[BlackElo "2423"]
[PlyCount "62"]
[EventDate "2018.07.21"]
[EventType "swiss"]
[EventCountry "AND"]

1. e4 c5 2. Nf3 d6 3. d4 Nf6 4. dxc5 Nc6 5. cxd6 Nxe4 6. Be3 Qxd6 7. Qxd6 Nxd6
8. Nc3 Bg4 9. Nb5 Bxf3 10. gxf3 Rc8 11. Nxd6+ exd6 12. c3 Be7 13. Rd1 O-O 14.
Bh3 Rcd8 15. f4 b6 16. Bg2 Rc8 17. O-O Rfd8 18. Rd3 Nb8 19. Rfd1 Nd7 20. Bd4
Nc5 21. Rg3 Ne6 22. Rf3 Rc7 23. f5 Nxd4 24. Rxd4 Kf8 25. Rfd3 Rc5 26. Rd5 Rxd5
27. Rxd5 Rc8 28. Bf1 g6 29. fxg6 hxg6 30. Ba6 Rc5 31. Rxc5 dxc5 1/2-1/2